Влияние гуминовых кислот на наночастицы ZnO; Перспективы развития фундаментальных наук; Т. 2 : Химия

Detalles Bibliográficos
Parent link:Перспективы развития фундаментальных наук=Prospects of Fundamental Sciences Development: сборник научных трудов XVIII Международной конференции студентов, аспирантов и молодых ученых, г. Томск, 27-30 апреля 2021 г./ Национальный исследовательский Томский политехнический университет (ТПУ) ; под ред. И. А. Курзиной, Г. А. Вороновой.— , 2021
Т. 2 : Химия.— 2021.— [С. 280-282]
Autor Principal: Юдникова А. А.
Autor Corporativo: Национальный исследовательский Томский политехнический университет Инженерная школа новых производственных технологий Отделение материаловедения
Outros autores: Ошкин Д. А. (научный руководитель), Годымчук А. Ю. Анна Юрьевна
Summary:Заглавие с экрана
The effect of natural organic matter, as humic acids, on the colloidal and thereby, biological, properties of nanoparticles is of great importance. Therefore, in this work we examined aggregative properties of ZnO nanoparticles with average size of 40 nm in differently concentrated solution of humic acids. Using the spectrophotometry method, it has been shown that the sedimentation rate of ZnO nanoparticles decreases in three times compared to distilled water. It has been found that with an increase in humic acids content from 10-10 to 10-4 mgL-1, the sedimentation rate of the particles increases.
Idioma:ruso
Publicado: 2021
Subjects:
Acceso en liña:http://earchive.tpu.ru/handle/11683/68320
Formato: MixedMaterials Electrónico Capítulo de libro
KOHA link:https://koha.lib.tpu.ru/cgi-bin/koha/opac-detail.pl?biblionumber=633364

MARC

LEADER 00000naa2a2200000 4500
001 633364
005 20231101133746.0
035 |a (RuTPU)RU\TPU\conf\35112 
035 |a RU\TPU\conf\35103 
090 |a 633364 
100 |a 20210813d2021 k y0rusy50 ca 
101 0 |a rus  |d eng 
102 |a RU 
105 |a y z 100zy 
135 |a drcn ---uucaa 
181 0 |a i  
182 0 |a b 
200 1 |a Влияние гуминовых кислот на наночастицы ZnO  |d Influence of humic acids on ZnO nanoparticles  |f А. А. Юдникова, Д. А. Ошкин  |g науч. рук. А. Ю. Годымчук 
203 |a Текст  |c электронный 
230 |a 1 компьютерный файл (pdf; 224 Kb) 
300 |a Заглавие с экрана 
320 |a [Библиогр.: с. 282 (9 назв.)] 
330 |a The effect of natural organic matter, as humic acids, on the colloidal and thereby, biological, properties of nanoparticles is of great importance. Therefore, in this work we examined aggregative properties of ZnO nanoparticles with average size of 40 nm in differently concentrated solution of humic acids. Using the spectrophotometry method, it has been shown that the sedimentation rate of ZnO nanoparticles decreases in three times compared to distilled water. It has been found that with an increase in humic acids content from 10-10 to 10-4 mgL-1, the sedimentation rate of the particles increases. 
461 1 |0 (RuTPU)RU\TPU\conf\35054  |t Перспективы развития фундаментальных наук  |l Prospects of Fundamental Sciences Development  |o сборник научных трудов XVIII Международной конференции студентов, аспирантов и молодых ученых, г. Томск, 27-30 апреля 2021 г.  |o в 7 т.  |f Национальный исследовательский Томский политехнический университет (ТПУ) ; под ред. И. А. Курзиной, Г. А. Вороновой  |d 2021 
463 1 |0 (RuTPU)RU\TPU\conf\35056  |t Т. 2 : Химия  |v [С. 280-282]  |d 2021 
510 1 |a Influence of humic acids on ZnO nanoparticles  |z eng 
610 1 |a электронный ресурс 
610 1 |a труды учёных ТПУ 
610 1 |a гуминовые кислоты 
610 1 |a наночастицы 
610 1 |a водные суспензии 
610 1 |a оксид цинка 
610 1 |a осаждение 
610 1 |a биологические свойства 
700 1 |a Юдникова  |b А. А. 
701 1 |a Ошкин  |b Д. А. 
702 1 |a Годымчук  |b А. Ю.  |c специалист в области нанотехнологий и наноматериалов  |c доцент Томского политехнического университета, кандидат технических наук  |f 1978-  |g Анна Юрьевна  |2 stltpush  |4 727 
712 0 2 |a Национальный исследовательский Томский политехнический университет  |b Инженерная школа новых производственных технологий  |b Отделение материаловедения  |h 7871  |2 stltpush  |3 (RuTPU)RU\TPU\col\23508 
801 2 |a RU  |b 63413507  |c 20210902  |g RCR 
856 4 |u http://earchive.tpu.ru/handle/11683/68320 
942 |c BK